000 00567nam a2200217Ia 4500
005 20250923144305.0
008 008 250917s9999 xx 000 0 eng d
037 _aTextual
040 _aDSWL
_beng
_cDSWL
041 _aeng
_2eng
084 _aV1:5:C5, F6
_qDSWL
100 _aMoret, A.
_9823289
245 0 _aFrom tribe to empire
_cby A. Moret
260 _aLondon
_bKegan Paul
_c1926
300 _a371 p.
365 _aINR
_b1.6
700 _aG Davey
_9823290
925 _g1.6
942 _cTEXL
_hV1:5:C5, F6
999 _c1437059
_d1437059